[Event "Mästar Elit"]
[Site "Lund"]
[Date "2010.07.07"]
[Round "5"]
[White "Cramling, Dan"]
[Black "Andersson, Fredrik"]
[Result "1/2-1/2"]
[WhiteElo "2404"]
[BlackElo "2336"]
[PlyCount "61"]
[EventDate "2010.??.??"]
[EventRounds "9"]
[EventCountry "SWE"]
[Source "Anders Hansen"]
[SourceDate "2010.07.03"]

1. d4 d5 2. Nf3 Nf6 3. c4 dxc4 4. e3 e6 5. Bxc4 c5 6. O-O a6 7. Bb3 b5 8. a4
Bb7 9. axb5 axb5 10. Rxa8 Bxa8 11. dxc5 Bxc5 12. Nc3 b4 13. Qxd8+ Kxd8 14. Na4
Nbd7 15. Ne5 Ke7 16. Bd2 Bd6 17. Nc4 Rb8 18. Nxd6 Kxd6 19. f3 Bd5 20. Bxd5 exd5
21. b3 Ne5 22. Rc1 Nfd7 23. Kf1 Nd3 24. Rb1 N7c5 25. Ke2 Kc6 26. g4 Kb5 27. h4
Ra8 28. h5 Nxa4 29. Kxd3 Nc5+ 30. Kd4 Ra2 31. Be1 1/2-1/2

[Event "Mästar Elit"]
[Site "Lund"]
[Date "2010.07.07"]
[Round "5"]
[White "Engström, Kaj"]
[Black "Lindberg, Bengt"]
[Result "1/2-1/2"]
[WhiteElo "2290"]
[BlackElo "2413"]
[PlyCount "149"]
[EventDate "2010.??.??"]
[EventRounds "9"]
[EventCountry "SWE"]
[Source "Anders Hansen"]
[SourceDate "2010.07.03"]

1. e4 c5 2. Nf3 e6 3. b3 a6 4. Bb2 Nc6 5. c4 d6 6. d4 cxd4 7. Nxd4 Bd7 8. Be2
Nf6 9. Nc3 Be7 10. O-O O-O 11. Kh1 Rb8 12. f4 Qb6 13. Nc2 Rfd8 14. Bd3 Nb4 15.
Nxb4 Qxb4 16. e5 Ne8 17. Qg4 f5 18. exf6 Nxf6 19. Qh4 Re8 20. Rf3 Qc5 21. Rh3
Kf7 22. Qg3 e5 23. Rh4 Rh8 24. Re1 Rbe8 25. fxe5 dxe5 26. Rf1 Kg8 27. Ne4 Nxe4
28. Rxe4 Bd6 29. b4 Qxb4 30. c5 Qxc5 31. Bc4+ Be6 32. Rg4 Qc7 33. Qb3 Qe7 34.
Bxe6+ Qxe6 35. Qxb7 Be7 36. Re4 Bf6 37. Bxe5 Re7 38. Bxf6 Rxb7 39. Rxe6 gxf6
40. Rexf6 Kg7 41. Rxa6 Rf8 42. Ra1 Rf2 43. Ra3 Rbb2 44. Rg3+ Kh6 45. a3 Ra2 46.
Rg1 Rf7 47. h3 Rg7 48. Rf3 Ra7 49. Re1 R2xa3 50. Rff1 Kg7 51. Rb1 Ra2 52. Rfc1
R2a6 53. Kh2 Ra2 54. Rb8 R2a6 55. Rcc8 Rg6 56. Rc2 Rf7 57. Rb5 Rgf6 58. Rc4 Rg6
59. g4 Ra7 60. Rc3 Rga6 61. Rbb3 Rg6 62. Rc5 Rga6 63. Rg5+ Rg6 64. Rgb5 Rga6
65. h4 Ra2+ 66. Kg3 R2a3 67. Rxa3 Rxa3+ 68. Kf4 Ra7 69. h5 h6 70. Rd5 Rf7+ 71.
Ke5 Re7+ 72. Kf5 Rf7+ 73. Ke6 Rf4 74. Rd7+ Kh8 75. Rd8+ 1/2-1/2

[Event "Mästar Elit"]
[Site "Lund"]
[Date "2010.07.07"]
[Round "5"]
[White "Frisk Kockum, Anton"]
[Black "Olsson, Krister"]
[Result "1-0"]
[WhiteElo "2284"]
[BlackElo "2338"]
[PlyCount "91"]
[EventDate "2010.??.??"]
[EventRounds "9"]
[EventCountry "SWE"]
[Source "Anders Hansen"]
[SourceDate "2010.07.03"]

1. e4 d6 2. d4 Nf6 3. Nc3 g6 4. Bg5 c6 5. Qd2 b5 6. Bd3 Bb7 7. e5 b4 8. Nce2
Nd5 9. Nf3 Qc7 10. O-O-O Nd7 11. e6 fxe6 12. Nf4 Qa5 13. Nxd5 exd5 14. Rhe1
O-O-O 15. Bxe7 Bxe7 16. Rxe7 c5 17. dxc5 dxc5 18. Kb1 c4 19. Be2 Qc5 20. Qe3
Qxe3 21. Rxe3 Rde8 22. Rxe8+ Rxe8 23. Bf1 Nf6 24. Nd4 Kc7 25. f3 Kb6 26. c3 a5
27. Kc2 Kc5 28. Kd2 Bc8 29. g3 Bd7 30. Re1 Rxe1 31. Kxe1 Ne8 32. Kd2 Nd6 33.
Ke3 Nf5+ 34. Nxf5 Bxf5 35. Be2 Bb1 36. a3 bxa3 37. bxa3 d4+ 38. cxd4+ Kd5 39.
Bd1 c3 40. Bb3+ Kc6 41. h4 h6 42. Bc4 Kd6 43. Ke2 g5 44. Kd1 gxh4 45. gxh4 Ke7
46. Bd5 1-0

[Event "Mästar Elit"]
[Site "Lund"]
[Date "2010.07.08"]
[Round "6"]
[White "Andersson, Fredrik"]
[Black "Gajic, Mladen"]
[Result "1/2-1/2"]
[WhiteElo "2336"]
[BlackElo "2293"]
[PlyCount "63"]
[EventDate "2010.??.??"]
[EventRounds "9"]
[EventCountry "SWE"]
[Source "Anders Hansen"]
[SourceDate "2010.07.03"]

1. d4 d5 2. c4 c6 3. Nf3 e6 4. e3 f5 5. Bd3 Nf6 6. O-O Bd6 7. b3 O-O 8. Ba3
Bxa3 9. Nxa3 Qe7 10. Nb1 Ne4 11. Ne5 Nd6 12. Nd2 b6 13. Rc1 Bb7 14. Qc2 Na6 15.
cxd5 Nb4 16. Qb1 exd5 17. a3 Nxd3 18. Qxd3 a5 19. Qb1 Rfc8 20. Rfe1 g6 21. h3
c5 22. Ndf3 Rab8 23. a4 Ba6 24. Red1 Be2 25. Rd2 Bxf3 26. Nxf3 c4 27. bxc4 Rxc4
28. Ne5 Rxa4 29. Nc6 Qe8 30. Nxb8 Qxb8 31. Rdc2 Nc4 32. Qb5 1/2-1/2

[Event "Mästar Elit"]
[Site "Lund"]
[Date "2010.07.08"]
[Round "6"]
[White "Cramling, Dan"]
[Black "Engström, Kaj"]
[Result "1-0"]
[WhiteElo "2404"]
[BlackElo "2290"]
[PlyCount "87"]
[EventDate "2010.??.??"]
[EventRounds "9"]
[EventCountry "SWE"]
[Source "Anders Hansen"]
[SourceDate "2010.07.03"]

1. d4 Nf6 2. c4 e6 3. Nc3 d5 4. Bg5 Be7 5. Nf3 Nbd7 6. e3 Ne4 7. Bxe7 Qxe7 8.
Rc1 c6 9. Nxe4 dxe4 10. Nd2 f5 11. c5 O-O 12. Nc4 Nf6 13. Be2 Bd7 14. O-O Be8
15. Nd6 Bf7 16. b4 b5 17. a4 a6 18. f3 Nd5 19. Qd2 Bg6 20. f4 Bf7 21. Bd1 g5
22. Bb3 gxf4 23. exf4 Bh5 24. Ra1 e3 25. Qe1 e2 26. Rf2 Qg7 27. Qd2 Kh8 28. Re1
Rab8 29. a5 Rf6 30. Rfxe2 Bxe2 31. Rxe2 Rbf8 32. Bxd5 exd5 33. Ne8 Qg4 34. Nxf6
Rxf6 35. h3 Qg6 36. Qe3 Kg7 37. Kh2 Kh6 38. Qe5 Rf7 39. Re3 Rf6 40. g4 Rf7 41.
g5+ Kh5 42. Qe8 Kh4 43. Re6 h5 44. Rf6 1-0

[Event "Mästar Elit"]
[Site "Lund"]
[Date "2010.07.08"]
[Round "6"]
[White "Hjelm, Niclas"]
[Black "Frisk Kockum, Anton"]
[Result "1/2-1/2"]
[WhiteElo "2336"]
[BlackElo "2284"]
[PlyCount "48"]
[EventDate "2010.??.??"]
[EventRounds "9"]
[EventCountry "SWE"]
[Source "Anders Hansen"]
[SourceDate "2010.07.03"]

1. d4 e6 2. c4 Nf6 3. Nf3 Bb4+ 4. Nbd2 b6 5. e3 Bb7 6. Bd3 c5 7. O-O cxd4 8.
Nxd4 Be7 9. b3 O-O 10. Bb2 d6 11. Qe2 Re8 12. Rad1 Nbd7 13. Rc1 Rc8 14. Rfd1
Qc7 15. Nf1 Qb8 16. Bb1 Bf8 17. Ng3 a6 18. Nh5 Qa8 19. Nxf6+ Nxf6 20. Qf1 Rc5
21. Ne2 Rg5 22. Ng3 h5 23. Bxf6 gxf6 24. Rd4 f5 1/2-1/2

[Event "Mästar Elit"]
[Site "Lund"]
[Date "2010.07.08"]
[Round "6"]
[White "Lindberg, Bengt"]
[Black "Ask, Josef"]
[Result "1-0"]
[WhiteElo "2413"]
[BlackElo "2195"]
[Annotator "Axel Smith"]
[PlyCount "67"]
[EventDate "2010.??.??"]
[EventRounds "9"]
[EventCountry "SWE"]
[Source "Anders Hansen"]
[SourceDate "2010.07.03"]

1. e4 e5 2. Nf3 Nc6 3. Bb5 Nge7 {En uppställning som Ask ofta använder sig av.}
4. Nc3 (4. O-O g6 5. c3 {är vits vanligaste spelsätt.}) 4... Ng6 5. h4 {
Ett ovanligt drag som knappt spelats. Svart kan knappast tillåta attspringaren
tvingas tillbaka, så de två alternativen är att spela h7-h5 och att hoppa in
på f4 i nästa drag.} h5 6. g3 {Stoppar Nf4, men det känns passivt.} Nd4 7. Bc4
c6 {Svart hotar un d7-d5 med vinst, då det följs upp med Bg4 och spik.} 8. Ng5
d5 9. exd5 b5 $1 10. Bf1 {Lindberg spelade komplicerat i öppningen, men vid
det här laget är det klart att det inte gått som han planerat.} b4 11. Nce4 (
11. Ne2 Qxg5 $5 12. hxg5 Nf3# {
känns frestande, men vit spelar naturligtvis 12.Nxd4.}) 11... cxd5 12. c3 $1 {
Enda draget som inte förlorar pjäs.} Nc6 ({Bäst var} 12... Bg4 13. Qa4+ Bd7 14.
Qd1 {, inte med tanken att ta ut dragupprepning utan helt enkelt att man har
fått draget Bd7 gratis.}) 13. Bb5 Qb6 14. Qa4 Bd7 15. Nxf7 $5 {
Lindberg tar chansen att komplicera till spelet. Objektivt står han på förlust.
} Kxf7 16. Ng5+ Kg8 17. d4 exd4 18. O-O Rb8 19. Be2 Bg4 20. Qd1 Nge5 21. Re1
Bc5 22. Bf4 Re8 23. Bxg4 hxg4 24. Qb3 Qd8 25. cxb4 Be7 26. Bxe5 Bxg5 27. Bc7
Rxe1+ 28. Rxe1 Qxc7 29. Qxd5+ Kh7 30. hxg5 Rd8 31. Qe4+ Kg8 32. Qe6+ Qf7 33.
Qxc6 d3 34. g6 1-0

[Event "Mästar Elit"]
[Site "Lund"]
[Date "2010.07.08"]
[Round "6"]
[White "Olsson, Krister"]
[Black "Blomqvist, Erik"]
[Result "0-1"]
[WhiteElo "2338"]
[BlackElo "2421"]
[PlyCount "72"]
[EventDate "2010.??.??"]
[EventRounds "9"]
[EventCountry "SWE"]
[Source "Anders Hansen"]
[SourceDate "2010.07.03"]

1. d4 Nf6 2. c4 g6 3. Nc3 d5 4. Bg5 Ne4 5. Bh4 Nxc3 6. bxc3 dxc4 7. Qa4+ Qd7 8.
Qxc4 b6 9. Nf3 Bg7 10. Bg3 Nc6 11. e3 Bb7 12. Be2 O-O 13. O-O Na5 14. Qb4 Rac8
15. Rad1 Qe6 16. d5 Bxd5 17. Ng5 Qc6 18. e4 Bxa2 19. e5 Bc4 20. Bf3 Qb5 21.
Rfe1 h6 22. Ne4 c5 23. Qa3 Be6 24. h4 Nc6 25. Qc1 Rcd8 26. Rxd8 Rxd8 27. h5 Bf5
28. Bf4 Nxe5 29. Bxe5 Bxe5 30. Qxh6 Bxe4 31. Bxe4 Qe2 32. Qc1 Qxh5 33. g3 Bf6
34. Kg2 c4 35. Qc2 Kg7 36. Rh1 Qe5 0-1

[Event "Mästar Elit"]
[Site "Lund"]
[Date "2010.07.09"]
[Round "7"]
[White "Ask, Josef"]
[Black "Cramling, Dan"]
[Result "0-1"]
[WhiteElo "2195"]
[BlackElo "2404"]
[PlyCount "66"]
[EventDate "2010.??.??"]
[EventRounds "9"]
[EventCountry "SWE"]
[Source "Anders Hansen"]
[SourceDate "2010.07.03"]

1. d4 c5 2. d5 Nf6 3. Nf3 g6 4. Nc3 Bg7 5. e4 d6 6. Bb5+ Nbd7 7. a4 O-O 8. O-O
a6 9. Be2 Rb8 10. Nd2 Ne8 11. Nc4 Nb6 12. Ne3 Bd7 13. a5 Nc8 14. Nc4 Nc7 15.
Bf4 b5 16. axb6 Nxb6 17. Na5 Nb5 18. Qd2 Nxc3 19. bxc3 Na4 20. Nc6 Bxc6 21.
dxc6 Nxc3 22. Bf3 Qb6 23. Qd3 Nb5 24. e5 dxe5 25. Be3 e4 26. Bxe4 Bxa1 27. Rxa1
Rfd8 28. Qf1 Nc3 29. Bf3 e5 30. Rxa6 Qxa6 31. Qxa6 Rb1+ 32. Qf1 Rxf1+ 33. Kxf1
e4 0-1

[Event "Mästar Elit"]
[Site "Lund"]
[Date "2010.07.09"]
[Round "7"]
[White "Blomqvist, Erik"]
[Black "Hjelm, Niclas"]
[Result "1/2-1/2"]
[WhiteElo "2421"]
[BlackElo "2336"]
[PlyCount "183"]
[EventDate "2010.??.??"]
[EventRounds "9"]
[EventCountry "SWE"]
[Source "Anders Hansen"]
[SourceDate "2010.07.03"]

1. d4 d5 2. c4 c6 3. Nf3 Nf6 4. Nc3 dxc4 5. a4 e6 6. e3 c5 7. Bxc4 Nc6 8. O-O
cxd4 9. exd4 Be7 10. Qe2 O-O 11. Rd1 Nb4 12. Bg5 Bd7 13. d5 exd5 14. Nxd5 Nbxd5
15. Bxd5 Nxd5 16. Rxd5 Bxg5 17. Nxg5 h6 18. Rad1 hxg5 19. Rxd7 Qb6 20. g3 Rac8
21. Qd2 Qb3 22. Qxg5 Qxa4 23. Qd5 b6 24. b3 Qa3 25. Rd3 a5 26. Qb5 Qc1+ 27. Kg2
Qc6+ 28. R3d5 Qxb5 29. Rxb5 Rc6 30. Rb7 g6 31. R7xb6 Rxb6 32. Rxb6 Ra8 33. f4
a4 34. bxa4 Rxa4 35. Kf3 Kg7 36. Kg4 Ra2 37. h3 Ra5 38. Rb3 Rc5 39. Re3 Kf6 40.
h4 Rc1 41. h5 gxh5+ 42. Kxh5 Rh1+ 43. Kg4 Ra1 44. Re5 Ra3 45. Rb5 Ra6 46. Kh5
Kg7 47. Rg5+ Kf8 48. Rg4 Ke7 49. Rg8 Kf6 50. Kh6 Ra1 51. Rg4 Rh1+ 52. Rh4 Rg1
53. Rh3 Rg2 54. Kh5 Kf5 55. Kh4 Rg1 56. Rh2 Ra1 57. g4+ Kg6 58. Rb2 Rh1+ 59.
Kg3 Rg1+ 60. Kh3 Rh1+ 61. Kg2 Ra1 62. Rb6+ Kg7 63. Kg3 Ra4 64. Rb5 Rc4 65. Rg5+
Kf6 66. Ra5 Kg6 67. Ra6+ Kg7 68. g5 Rc5 69. Kg4 Rc4 70. Rd6 Ra4 71. Rb6 Rc4 72.
Kf5 Ra4 73. Rb5 Ra1 74. Re5 Rb1 75. Re4 Rb5+ 76. Re5 Rb1 77. Rc5 Ra1 78. Rc4
Rb1 79. Ke4 Rg1 80. Ke5 Re1+ 81. Re4 Rg1 82. Kd6 Rg2 83. Re5 Rg1 84. Ke7 Rg2
85. f5 Rf2 86. Ke8 Rf1 87. Ke7 Rf2 88. Ke8 Rf1 89. f6+ Kg6 90. Kf8 Ra1 91. Ke7
Ra7+ 92. Kd6 1/2-1/2

[Event "Mästar Elit"]
[Site "Lund"]
[Date "2010.07.09"]
[Round "7"]
[White "Engström, Kaj"]
[Black "Andersson, Fredrik"]
[Result "1/2-1/2"]
[WhiteElo "2290"]
[BlackElo "2336"]
[PlyCount "36"]
[EventDate "2010.??.??"]
[EventRounds "9"]
[EventCountry "SWE"]
[Source "Anders Hansen"]
[SourceDate "2010.07.03"]

1. e4 e5 2. Nf3 Nc6 3. Bc4 Bc5 4. d3 Nf6 5. Nc3 d6 6. Be3 Bxe3 7. fxe3 Na5 8.
Bb5+ c6 9. Ba4 b5 10. Bb3 Nxb3 11. axb3 Qb6 12. Qd2 O-O 13. O-O Bg4 14. Nh4 Nd7
15. d4 exd4 16. exd4 b4 17. Nd1 Rae8 18. Nf2 Nf6 1/2-1/2

[Event "Mästar Elit"]
[Site "Lund"]
[Date "2010.07.09"]
[Round "7"]
[White "Frisk Kockum, Anton"]
[Black "Lindberg, Bengt"]
[Result "0-1"]
[WhiteElo "2284"]
[BlackElo "2413"]
[PlyCount "118"]
[EventDate "2010.??.??"]
[EventRounds "9"]
[EventCountry "SWE"]
[Source "Anders Hansen"]
[SourceDate "2010.07.03"]

1. d4 Nf6 2. Nf3 e6 3. c4 c5 4. d5 d6 5. Nc3 exd5 6. cxd5 g6 7. e4 a6 8. a4 Bg4
9. Qb3 Bxf3 10. Qxb7 Nbd7 11. gxf3 Bg7 12. Be2 O-O 13. O-O Qe7 14. Qb3 Nh5 15.
f4 Ndf6 16. Qc2 Rfe8 17. Re1 Qd7 18. Qd3 Bh6 19. Qf3 Qb7 20. Bf1 Re7 21. a5
Rae8 22. Ra4 Nd7 23. Re2 Bg7 24. Bg2 Qb8 25. Qd3 Bh6 26. Qf3 Ne5 27. fxe5 Bxc1
28. exd6 Qxd6 29. e5 Rxe5 30. Rae4 Bf4 31. Rxe5 Bxe5 32. Re1 f5 33. h3 Nf6 34.
Rd1 Rb8 35. Qe2 Rb4 36. Re1 Nd7 37. Bf1 c4 38. f4 Bd4+ 39. Kh1 Nf8 40. Qe7 Bc5
41. Qxd6 Bxd6 42. Nd1 Ra4 43. Re8 Rxa5 44. Bxc4 Ra1 45. Bb3 Kf7 46. Ra8 Nd7 47.
Ra7 Ke8 48. Kg2 Nc5 49. Ne3 Nxb3 50. Nc4 Bxf4 51. d6 Rd1 52. Rxa6 Rd4 53. Ra8+
Kd7 54. Ra7+ Ke6 55. Na3 Rxd6 56. Rxh7 Rd2+ 57. Kf3 g5 58. Nb5 Nd4+ 59. Nxd4+
Rxd4 0-1

[Event "Mästar Elit"]
[Site "Lund"]
[Date "2010.07.09"]
[Round "7"]
[White "Gajic, Mladen"]
[Black "Olsson, Krister"]
[Result "0-1"]
[WhiteElo "2293"]
[BlackElo "2338"]
[PlyCount "108"]
[EventDate "2010.??.??"]
[EventRounds "9"]
[EventCountry "SWE"]
[Source "Anders Hansen"]
[SourceDate "2010.07.03"]

1. e4 d6 2. d4 Nf6 3. Nc3 g6 4. f4 Bg7 5. Nf3 c5 6. Bb5+ Bd7 7. Bxd7+ Nbxd7 8.
e5 Nh5 9. g4 Nxf4 10. Bxf4 cxd4 11. Qxd4 dxe5 12. Qa4 exf4 13. O-O-O Bxc3 14.
bxc3 Qc7 15. Qd4 O-O-O 16. Rhe1 Nb6 17. Qg7 Qc5 18. Qxf7 Qa3+ 19. Kb1 Na4 20.
Qc4+ Kb8 21. Rxd8+ Rxd8 22. Qb3 Nxc3+ 23. Ka1 Qxb3 24. axb3 Rd1+ 25. Kb2 Rxe1
26. Nxe1 Ne4 27. c4 Kc7 28. Kc2 e5 29. Nf3 Kd6 30. h3 Nf2 31. Ng5 e4 32. Kd2 h6
33. Nf7+ Ke7 34. Ne5 g5 35. Ke2 Nxh3 36. c5 e3 37. b4 a6 38. c6 bxc6 39. Nxc6+
Kd6 40. Nb8 Nf2 41. Nxa6 Kc6 42. Nc5 Nxg4 43. Ne6 Kb5 44. Ng7 Kxb4 45. Kf3 Kc3
46. Nf5 Kd2 47. Kxg4 e2 48. Nxh6 e1=Q 49. Kxg5 f3 50. Kh5 f2 51. Kg6 f1=Q 52.
Kh7 Qg3 53. Kh8 Qf6+ 54. Kh7 Qfg7# 0-1

[Event "Mästar Elit"]
[Site "Lund"]
[Date "2010.07.10"]
[Round "8"]
[White "Andersson, Fredrik"]
[Black "Olsson, Krister"]
[Result "1-0"]
[WhiteElo "2336"]
[BlackElo "2338"]
[PlyCount "85"]
[EventDate "2010.??.??"]
[EventRounds "9"]
[EventCountry "SWE"]
[Source "Anders Hansen"]
[SourceDate "2010.07.03"]

1. d4 Nf6 2. c4 c5 3. d5 b5 4. cxb5 a6 5. bxa6 g6 6. Nc3 Bxa6 7. g3 d6 8. Bg2
Bg7 9. Nf3 Nbd7 10. Rb1 O-O 11. O-O Qa5 12. Bd2 Rfb8 13. Qc2 Qc7 14. b3 Nb6 15.
Nh4 Qb7 16. Rfd1 Nfxd5 17. Nxd5 Nxd5 18. Bh6 e6 19. Bxg7 Kxg7 20. e4 Nb4 21.
Qc3+ Kg8 22. Rxd6 Nxa2 23. Qd2 Qe7 24. Rd7 Qe8 25. e5 Nc3 26. Re1 Ne2+ 27. Kh1
Nd4 28. Rc7 Nxb3 29. Qg5 Qd8 30. Qxd8+ Rxd8 31. Bxa8 Rxa8 32. Rd1 Be2 33. Rdd7
g5 34. Rxf7 Ra1+ 35. Kg2 Bf1+ 36. Kf3 Nd4+ 37. Kg4 gxh4 38. Rg7+ Kh8 39. Rxh7+
Kg8 40. Rhg7+ Kh8 41. Rh7+ Kg8 42. Kg5 Ra8 43. Rcg7+ 1-0

[Event "Mästar Elit"]
[Site "Lund"]
[Date "2010.07.10"]
[Round "8"]
[White "Cramling, Dan"]
[Black "Frisk Kockum, Anton"]
[Result "0-1"]
[WhiteElo "2404"]
[BlackElo "2284"]
[PlyCount "100"]
[EventDate "2010.??.??"]
[EventRounds "9"]
[EventCountry "SWE"]
[Source "Anders Hansen"]
[SourceDate "2010.07.03"]

1. Nf3 f5 2. d4 Nf6 3. g3 g6 4. Bg2 Bg7 5. c4 d6 6. b3 c5 7. Bb2 Ne4 8. O-O Nc6
9. e3 O-O 10. Nc3 Nxc3 11. Bxc3 h6 12. Rc1 cxd4 13. Nxd4 Bd7 14. c5 dxc5 15.
Nxc6 Bxc6 16. Bxc6 bxc6 17. Bxg7 Kxg7 18. Rxc5 Rf6 19. Qc2 Rc8 20. Rc1 Rc7 21.
Qc3 Rd7 22. Rc2 Rdd6 23. h4 h5 24. Kh2 Qd7 25. Ra5 Rd5 26. Ra6 e5 27. Qb2 Kh6
28. Qa3 f4 29. exf4 exf4 30. Qb2 Rd4 31. Ra4 Rfd6 32. Rxd4 Rxd4 33. Qc3 Qd5 34.
Qxc6 fxg3+ 35. fxg3 Rd2+ 36. Rxd2 Qxc6 37. Rf2 Qe4 38. Rd2 Qe1 39. Rc2 a5 40.
Rg2 Kg7 41. Rg1 Qe2+ 42. Rg2 Qe3 43. Kh3 Kf6 44. Rc2 Qg1 45. Rg2 Qh1+ 46. Rh2
Qf1+ 47. Rg2 Ke5 48. Kh2 Ke4 49. a4 Kf3 50. Rd2 Qb1 0-1

[Event "Mästar Elit"]
[Site "Lund"]
[Date "2010.07.10"]
[Round "8"]
[White "Engström, Kaj"]
[Black "Ask, Josef"]
[Result "1/2-1/2"]
[WhiteElo "2290"]
[BlackElo "2195"]
[PlyCount "58"]
[EventDate "2010.??.??"]
[EventRounds "9"]
[EventCountry "SWE"]
[Source "Anders Hansen"]
[SourceDate "2010.07.03"]

1. e4 e5 2. Nf3 Nc6 3. Bb5 Nge7 4. Nc3 Ng6 5. d4 exd4 6. Nxd4 Bc5 7. Be3 Bxd4
8. Bxd4 O-O 9. Be3 d6 10. Qd2 f5 11. exf5 Bxf5 12. O-O Nce5 13. f3 c6 14. Be2
d5 15. Nd1 h6 16. Nf2 Qd7 17. b3 b6 18. Rad1 Rae8 19. Nd3 c5 20. Nxe5 Rxe5 21.
Bf2 Rfe8 22. Ba6 d4 23. Bg3 Re3 24. a4 Qf7 25. Bb5 Bd7 26. Bc4 Be6 27. Bb5 Bd7
28. Bc4 Be6 29. Bb5 Bd7 1/2-1/2

[Event "Mästar Elit"]
[Site "Lund"]
[Date "2010.07.10"]
[Round "8"]
[White "Hjelm, Niclas"]
[Black "Gajic, Mladen"]
[Result "1-0"]
[WhiteElo "2336"]
[BlackElo "2293"]
[PlyCount "83"]
[EventDate "2010.??.??"]
[EventRounds "9"]
[EventCountry "SWE"]
[Source "Anders Hansen"]
[SourceDate "2010.07.03"]

1. d4 d5 2. c4 c6 3. Nc3 e6 4. e3 Nf6 5. Nf3 Nbd7 6. Qc2 Bd6 7. b3 O-O 8. Bb2
b6 9. Bd3 Bb7 10. O-O Re8 11. Rfe1 h6 12. Rad1 Qc7 13. cxd5 exd5 14. Rc1 a6 15.
Ne2 Ne4 16. Ng3 Ndf6 17. Ne5 Nxg3 18. hxg3 c5 19. a4 Qe7 20. f4 Rec8 21. Qe2
Nd7 22. Bf5 Bc6 23. Qg4 Nf6 24. Qh3 Rc7 25. g4 Bxe5 26. dxe5 Ne4 27. Red1 b5
28. g5 Bd7 29. Rxd5 Bxf5 30. Qxf5 Ng3 31. Qg4 Qe6 32. Qxe6 fxe6 33. Rdxc5 Rb7
34. Kh2 Ne4 35. Rc8+ Rxc8 36. Rxc8+ Kh7 37. a5 hxg5 38. fxg5 b4 39. Rc6 Nd2 40.
Rxe6 Nxb3 41. Rxa6 Nc5 42. Rc6 1-0

[Event "Mästar Elit"]
[Site "Lund"]
[Date "2010.07.10"]
[Round "8"]
[White "Lindberg, Bengt"]
[Black "Blomqvist, Erik"]
[Result "0-1"]
[WhiteElo "2413"]
[BlackElo "2421"]
[PlyCount "108"]
[EventDate "2010.??.??"]
[EventRounds "9"]
[EventCountry "SWE"]
[Source "Anders Hansen"]
[SourceDate "2010.07.03"]

1. e4 c5 2. Nf3 e6 3. d4 cxd4 4. Nxd4 a6 5. Bd3 Bc5 6. Nb3 Be7 7. Qg4 g6 8. Qe2
d6 9. O-O Nd7 10. a4 b6 11. Nc3 Qc7 12. Be3 Bb7 13. Rfd1 h5 14. Nd4 Ngf6 15. h3
h4 16. Nf3 Rh5 17. Ng5 Nh7 18. Nxh7 Rxh7 19. Nb1 Nf6 20. Bf4 Kf8 21. Nd2 Rh5
22. c4 Nd7 23. Rac1 Qc5 24. Rb1 Qb4 25. b3 Nc5 26. Nf1 Nxd3 27. Rxd3 d5 28.
exd5 exd5 29. Re1 Re8 30. Re3 dxc4 31. Qxc4 Qxc4 32. bxc4 Bc8 33. Rxe7 Rxe7 34.
Bd6 Be6 35. Rb1 Ke8 36. Bxe7 Kxe7 37. Rxb6 Ra5 38. Ne3 Rxa4 39. f4 Kd7 40. Kf2
Kc7 41. Rb2 Bxc4 42. Nxc4 Rxc4 43. Kf3 f5 44. Re2 a5 45. Re7+ Kb6 46. Rh7 a4
47. Rxh4 a3 48. Rh8 Ra4 49. Rb8+ Kc5 50. Rb1 a2 51. Ra1 Ra3+ 52. Kf2 Kc4 53. g4
Kb3 54. gxf5 gxf5 0-1

[Event "Mästar Elit"]
[Site "Lund"]
[Date "2010.07.11"]
[Round "9"]
[White "Ask, Josef"]
[Black "Andersson, Fredrik"]
[Result "1/2-1/2"]
[WhiteElo "2195"]
[BlackElo "2336"]
[PlyCount "27"]
[EventDate "2010.??.??"]
[EventRounds "9"]
[EventCountry "SWE"]
[Source "Anders Hansen"]
[SourceDate "2010.07.03"]

1. c4 Nf6 2. Nf3 g6 3. Nc3 Bg7 4. e4 d6 5. d4 O-O 6. Be2 e5 7. O-O Nc6 8. d5
Ne7 9. Bd2 Nh5 10. g3 Nf6 11. Nh4 Nd7 12. Qc2 f5 13. exf5 Nxf5 14. Nxf5 1/2-1/2

[Event "Mästar Elit"]
[Site "Lund"]
[Date "2010.07.11"]
[Round "9"]
[White "Blomqvist, Erik"]
[Black "Cramling, Dan"]
[Result "1-0"]
[WhiteElo "2421"]
[BlackElo "2404"]
[PlyCount "77"]
[EventDate "2010.??.??"]
[EventRounds "9"]
[EventCountry "SWE"]
[Source "Anders Hansen"]
[SourceDate "2010.07.03"]

1. d4 d6 2. e4 Nf6 3. Nc3 g6 4. Be3 c6 5. Qd2 b5 6. a3 Nbd7 7. Nf3 e5 8. dxe5
dxe5 9. h3 Bb7 10. Bd3 Bg7 11. Bh6 O-O 12. O-O Qe7 13. Bxg7 Kxg7 14. a4 a6 15.
Qe3 Nc5 16. Rfe1 Rad8 17. Rad1 b4 18. Ne2 Nxa4 19. b3 Nc5 20. Ng3 Nfd7 21. Bc4
Nb6 22. Be2 a5 23. h4 a4 24. bxa4 Ncxa4 25. h5 c5 26. h6+ Kh8 27. Rxd8 Rxd8 28.
Ra1 f6 29. Nd2 Ra8 30. Nc4 Qc7 31. Qb3 Qf7 32. Nxb6 Qxb3 33. cxb3 Nxb6 34. Rd1
c4 35. Rd6 c3 36. Bd3 Na4 37. bxa4 b3 38. Ne2 c2 39. Rb6 1-0

[Event "Mästar Elit"]
[Site "Lund"]
[Date "2010.07.11"]
[Round "9"]
[White "Frisk Kockum, Anton"]
[Black "Engström, Kaj"]
[Result "1-0"]
[WhiteElo "2284"]
[BlackElo "2290"]
[PlyCount "69"]
[EventDate "2010.??.??"]
[EventRounds "9"]
[EventCountry "SWE"]
[Source "Anders Hansen"]
[SourceDate "2010.07.03"]

1. d4 d5 2. Nf3 Nf6 3. c4 e6 4. Nc3 Be7 5. Bg5 Ne4 6. Bxe7 Qxe7 7. Qc2 Nxc3 8.
Qxc3 O-O 9. g3 c6 10. Bg2 Nd7 11. O-O dxc4 12. Rfd1 Rb8 13. Qa5 Ra8 14. Qc7 Qb4
15. Ne5 Nb6 16. e4 f6 17. Nf3 Qxb2 18. Qd6 Qb5 19. Bf1 Qh5 20. Nd2 e5 21. Nxc4
Bg4 22. Rd2 Rfd8 23. Qb4 Rxd4 24. Rxd4 exd4 25. Nxb6 axb6 26. Qxb6 Qe5 27. Qxb7
Rd8 28. Bc4+ Kh8 29. Bd3 Bf3 30. a4 c5 31. a5 c4 32. a6 Qb8 33. Qxb8 Rxb8 34.
a7 Ra8 35. Rb1 1-0

[Event "Mästar Elit"]
[Site "Lund"]
[Date "2010.07.11"]
[Round "9"]
[White "Gajic, Mladen"]
[Black "Lindberg, Bengt"]
[Result "0-1"]
[WhiteElo "2293"]
[BlackElo "2413"]
[PlyCount "71"]
[EventDate "2010.??.??"]
[EventRounds "9"]
[EventCountry "SWE"]
[Source "Anders Hansen"]
[SourceDate "2010.07.03"]

1. e4 c5 2. c3 Nf6 3. e5 Nd5 4. Bc4 e6 5. Nf3 b6 6. O-O Bb7 7. d4 cxd4 8. cxd4
Be7 9. Qe2 O-O 10. Rd1 Nc6 11. a3 Rc8 12. Bd3 Na5 13. Ra2 Nb3 14. Bxh7+ Kh8 15.
Bc2 Nxc1 16. Rxc1 Bg5 17. Nbd2 Bh6 18. g3 Rc6 19. Qd3 g6 20. Re1 Qc7 21. Ba4
Rc1 22. Ra1 Rxa1 23. Rxa1 a6 24. Ne4 Bc1 25. Qe2 Ba8 26. Bd1 Kg7 27. Rb1 Bh6
28. Nd6 b5 29. h4 Ne7 30. Qd3 Qc6 31. Be2 Nc8 32. Nxc8 Rxc8 33. Rd1 Bc1 34. b3
Bxa3 35. g4 Qc2 36. Kg2 0-1

[Event "Mästar Elit"]
[Site "Lund"]
[Date "2010.07.11"]
[Round "9"]
[White "Olsson, Krister"]
[Black "Hjelm, Niclas"]
[Result "1/2-1/2"]
[WhiteElo "2338"]
[BlackElo "2336"]
[PlyCount "22"]
[EventDate "2010.??.??"]
[EventRounds "9"]
[EventCountry "SWE"]
[Source "Anders Hansen"]
[SourceDate "2010.07.03"]

1. d4 d5 2. c4 c6 3. Nc3 Nf6 4. cxd5 cxd5 5. Bf4 Nc6 6. e3 Bf5 7. Rc1 e6 8. Bb5
Qb6 9. Nf3 Be7 10. O-O O-O 11. Bg5 Na5 1/2-1/2